[Event "Euro Online U2300 Day 1"]
[Site "chess.com INT"]
[Date "2020.05.25"]
[Round "7"]
[White "Patrascu, Catalin-Lucian"]
[Black "Baranow, Sergey"]
[Result "1/2-1/2"]
[WhiteTitle "FM"]
[WhiteElo "2320"]
[BlackElo "2192"]
[WhiteFideId "1229052"]
[BlackFideId "24155055"]
[EventDate "2020.05.25"]

1. c4 c5 2. Nc3 Nc6 3. g3 Nf6 4. Bg2 e6 5. Nf3 d5 6. cxd5 exd5 7. d4 cxd4 8.
Nxd4 Be7 9. O-O O-O 10. h3 Be6 11. Bf4 Qd7 12. Kh2 Rac8 13. Rc1 Rfd8 14. Qd2
Nxd4 15. Qxd4 Bc5 16. Qd3 a6 17. Be5 Bf5 18. Qd2 Ne4 19. Nxe4 dxe4 20. Qxd7 Rxd7
21. g4 Be6 22. Bxe4 a5 23. a3 f6 24. Bf4 a4 25. Bd3 b6 26. Bb5 Rd4 27. Be3 Rd5
28. Bc4 Re5 29. Bxc5 bxc5 30. e3 Kf7 31. Rc2 Re4 32. Rfc1 Bxc4 33. Rxc4 Rxc4 34.
Rxc4 Rb8 35. Rxa4 Rxb2 36. Kg3 h6 37. Ra7+ Kg6 38. h4 c4 39. h5+ Kh7 40. Rc7 Ra2
41. Rxc4 Rxa3 42. Rc7 Ra1 43. Kf4 Ra5 44. f3 Rb5 45. Ra7 Rc5 46. Rd7 Rb5 47. Ke4
Rb4+ 48. Kf5 Rb5+ 49. Kf4 Rb4+ 50. e4 Rb5 51. Ra7 Rc5 52. Ra8 Rb5 53. Rd8 Rc5
54. Rd5 Rc3 55. Rd8 Rc5 56. Ke3 Rc3+ 57. Ke2 Ra3 58. Rc8 Rb3 59. Rd8 Rc3 60. Rd3
Rc4 61. Ke3 Rb4 62. Rd4 Rb3+ 63. Rd3 Rb4 64. Ra3 Rc4 65. f4 Rb4 66. Rd3 Kg8 67.
Ra3 Rb8 68. Kf3 Rb4 69. e5 fxe5 70. fxe5 Kf7 71. Ra7+ Kf8 72. Kg3 Re4 73. Ra5
Kf7 74. Kf3 Rb4 75. Ra7+ Kf8 76. e6 Rb6 77. e7+ Ke8 78. Kf4 Rb5 79. Ke4 Rc5 80.
Kf4 Rb5 81. Rc7 Ra5 82. Kf3 Ra4 83. Kg3 Rb4 84. Kh4 Rb3 85. Ra7 Re3 86. Ra8+
Kxe7 87. Ra7+ Kf8 88. Ra8+ Kf7 89. Ra7+ Kg8 90. Ra8+ 1/2-1/2

[Event "Euro Online U2300 Day 1"]
[Site "chess.com INT"]
[Date "2020.05.25"]
[Round "7"]
[White "Babiy, Igor"]
[Black "Podetti, Davide"]
[Result "0-1"]
[WhiteElo "2243"]
[BlackElo "2173"]
[WhiteFideId "14136244"]
[BlackFideId "893617"]
[EventDate "2020.05.25"]

1. Nf3 d5 2. c4 dxc4 3. Na3 Nf6 4. Nxc4 e6 5. g3 Be7 6. Bg2 O-O 7. O-O Nbd7 8.
d3 c5 9. a4 Re8 10. a5 Nf8 11. a6 b6 12. Nfe5 Nd5 13. Nc6 Qc7 14. Nxe7+ Qxe7 15.
d4 cxd4 16. Qxd4 Rd8 17. Ne5 Bd7 18. Nxd7 Rxd7 19. b3 Rad8 20. Ba3 Qg5 21. h4
Qh5 22. Bf3 Qf5 23. Rfc1 Ne7 24. Qc3 Nd5 25. Qd4 Ne7 26. Qc3 Nd5 27. Qc4 Ng6 28.
Bb2 Ne5 29. Bxe5 Qxe5 30. Qb5 g6 31. Ra4 Kg7 32. Rac4 Qb2 33. Kg2 Nf6 34. Rc7
Qd4 35. R1c4 Qd6 36. Rxd7 Rxd7 37. Rc8 Rc7 38. Ra8 h5 39. Qa4 e5 40. Bb7 Rc2 41.
Qb5 Rc3 42. Rxa7 e4 43. Ra8 Qd1 44. Qe5 Rc1 45. Bxe4 Qh1# 0-1

[Event "Euro Online U2300 Day 1"]
[Site "chess.com INT"]
[Date "2020.05.25"]
[Round "7"]
[White "Dudin, Gleb"]
[Black "Van Vliet, Dennis"]
[Result "1-0"]
[WhiteTitle "FM"]
[WhiteElo "2387"]
[BlackElo "2072"]
[WhiteFideId "34184934"]
[BlackFideId "209740"]
[EventDate "2020.05.25"]

1. d4 Nf6 2. c4 c5 3. d5 b5 4. cxb5 g6 5. Nc3 a6 6. bxa6 Bxa6 7. Nf3 d6 8. e4
Bxf1 9. Kxf1 Bg7 10. g3 O-O 11. Kg2 Nbd7 12. a4 Ra6 13. Qe2 Qa8 14. Rd1 Rc8 15.
Nd2 e6 16. Nc4 exd5 17. Nxd5 Nxd5 18. exd5 Ne5 19. Ra3 Rb8 20. b3 Nxc4 21. Qxc4
Rb4 22. Qe2 Rab6 23. Qf3 c4 24. bxc4 Rxc4 25. a5 Ra6 26. Bf4 Rc5 27. Qe4 Bf8 28.
Re3 Raxa5 29. Qe8 Rc8 30. Qe4 Ra4 31. Qf3 Re8 32. Rc3 Rae4 33. Rc7 f5 34. h4 Qd8
35. Rdc1 h6 36. Rb7 Qf6 37. Rc6 g5 38. hxg5 hxg5 39. Qh5 R8e7 40. Bxg5 Qg7 41.
Bxe7 Bxe7 42. Rc8+ Bf8 43. Rxg7+ Kxg7 44. Qg5+ Kf7 45. Qxf5+ Ke7 46. Qxf8+ Kd7
47. Qd8# 1-0

[Event "Euro Online U2300 Day 1"]
[Site "chess.com INT"]
[Date "2020.05.25"]
[Round "7"]
[White "Florescu, Codrut-Constantin"]
[Black "Volovich, Vasily"]
[Result "0-1"]
[WhiteTitle "IM"]
[BlackTitle "FM"]
[WhiteElo "2293"]
[BlackElo "2177"]
[WhiteFideId "1202200"]
[BlackFideId "34169676"]
[EventDate "2020.05.25"]

1. d4 e6 2. Bf4 Nf6 3. e3 c5 4. c3 Nc6 5. Nd2 d5 6. Bd3 Bd6 7. Bg3 e5 8. dxc5
Bxc5 9. e4 O-O 10. Ngf3 dxe4 11. Nxe4 Nxe4 12. Bxe4 Qxd1+ 13. Rxd1 f6 14. O-O
Be6 15. b4 Be7 16. Bd5 Kf7 17. b5 Na5 18. Bxe6+ Kxe6 19. Rfe1 Rfd8 20. Nd4+ Kf7
21. Nf5 Bc5 22. Kf1 g6 23. Ne3 Bxe3 24. fxe3 Ke6 25. e4 Nc4 26. Ke2 Nd6 27. Ke3
Nxb5 28. Rb1 Nd6 29. Rb4 Rac8 30. Rc1 Nc4+ 31. Kf3 Rd3+ 32. Kf2 Rd2+ 33. Kg1 b6
34. Ra4 a5 35. Bf2 Rc6 36. Rb1 Re2 37. Rxc4 Rxc4 38. Rxb6+ Ke7 39. Rb7+ Kd6 40.
Rb6+ Rc6 41. a4 Rxb6 42. Bxb6 Rxe4 43. Bxa5 Rxa4 44. Bd8 f5 45. Bg5 Ra2 46. Bh6
Rc2 47. Bf8+ Kd5 48. Bb4 Kc4 49. h4 Rxc3 50. Bd6 Kd5 51. Bb8 Rc4 52. g3 Rb4 53.
Ba7 Ke4 54. Kg2 Rb2+ 55. Kh3 Kf3 56. Bc5 Rg2 57. Bd6 Rxg3+ 0-1

[Event "Euro Online U2300 Day 1"]
[Site "chess.com INT"]
[Date "2020.05.25"]
[Round "7"]
[White "Hulka, Valentyn"]
[Black "Eynullayev, Atilla"]
[Result "1-0"]
[WhiteElo "1892"]
[BlackElo "2347"]
[WhiteFideId "34107061"]
[BlackFideId "13413570"]
[EventDate "2020.05.25"]

1. e4 c5 2. Nf3 Nc6 3. Bb5 d6 4. O-O Bd7 5. Re1 Nf6 6. c3 a6 7. Bf1 Bg4 8. h3
Bxf3 9. Qxf3 g6 10. d3 Bg7 11. Be3 O-O 12. Nd2 Nd7 13. Red1 b5 14. Qe2 b4 15.
Rac1 Nb6 16. Nf3 bxc3 17. bxc3 Na4 18. d4 Qa5 19. Bd2 Nb2 20. Re1 c4 21. Qe3
Rab8 22. Rc2 Qxa2 23. Bc1 Qb1 24. Rxb2 Rxb2 25. Bxb2 Qxb2 26. Bxc4 a5 27. Nd2
Qb6 28. Rb1 Qc7 29. Ba2 Ra8 30. Qd3 a4 31. Qc4 Qd7 32. Qxf7+ Kh8 33. Qc4 a3 34.
Rb6 Rc8 35. Qb3 Nxd4 36. cxd4 Bxd4 37. Rb8 Bxf2+ 38. Kh2 Kg7 39. Qf7+ Kh6 40.
Rxc8 Qxc8 41. Qxf2 Qc5 42. Qxc5 dxc5 43. Kg3 Kg5 44. Nc4 Kf6 45. Kf3 Ke6 46. g4
Kd7 47. Kf4 1-0

[Event "Euro Online U2300 Day 1"]
[Site "chess.com INT"]
[Date "2020.05.25"]
[Round "7"]
[White "Lahav, Michal"]
[Black "Hakobyan, Hakob V."]
[Result "0-1"]
[WhiteTitle "WIM"]
[WhiteElo "2219"]
[BlackElo "2070"]
[WhiteFideId "2813742"]
[BlackFideId "13308807"]
[EventDate "2020.05.25"]

1. e4 Nc6 2. d4 d5 3. exd5 Qxd5 4. Be3 e5 5. Nc3 Qa5 6. Nf3 exd4 7. Nxd4 Nxd4 8.
Qxd4 Be6 9. O-O-O Nf6 10. Bc4 Bb4 11. Bxe6 fxe6 12. Ne4 O-O 13. Nxf6+ Rxf6 14.
Qc4 Bd6 15. Kb1 Qf5 16. Rhe1 Rg6 17. g3 a6 18. h3 Qb5 19. Qe4 Qc6 20. Qxc6 bxc6
21. b3 e5 22. Re2 Rf6 23. Kb2 h5 24. h4 Kh7 25. c4 e4 26. Bd4 Re6 27. Kc2 c5 28.
Be3 Rae8 29. Rd5 Re5 30. Red2 Kg6 31. Kc3 Rxd5 32. Rxd5 Re5 33. Rxe5 Bxe5+ 34.
Kc2 Bd4 35. Kd2 Kf5 36. Ke2 Bxe3 37. Kxe3 Ke5 38. Ke2 Kd4 39. Kd2 a5 40. a3 g6
41. Kc2 e3 42. fxe3+ Kxe3 43. Kc3 Kf3 44. b4 cxb4+ 45. axb4 axb4+ 46. Kxb4 Kxg3
47. Kc5 Kxh4 48. Kc6 g5 49. Kxc7 g4 50. c5 g3 51. c6 g2 52. Kb7 g1=Q 53. c7 Qc1
54. c8=Q Qxc8+ 55. Kxc8 Kg3 56. Kd7 h4 57. Ke6 h3 58. Ke5 h2 59. Ke4 h1=Q+ 60.
Ke3 Qf3+ 61. Kd2 0-1

[Event "Euro Online U2300 Day 1"]
[Site "chess.com INT"]
[Date "2020.05.25"]
[Round "7"]
[White "Tomaszewski, Roman"]
[Black "Kaliszuk, Kamil"]
[Result "1-0"]
[WhiteTitle "IM"]
[WhiteElo "2206"]
[BlackElo "1930"]
[WhiteFideId "1100637"]
[BlackFideId "21870160"]
[EventDate "2020.05.25"]

1. c4 e5 2. Nc3 Nf6 3. Nf3 Nc6 4. e3 Be7 5. d4 exd4 6. Nxd4 O-O 7. Be2 Nxd4 8.
Qxd4 b6 9. Bf3 Rb8 10. O-O Bb7 11. Bxb7 Rxb7 12. b3 Re8 13. Bb2 c6 14. Rad1 Bc5
15. Qd3 Qe7 16. h3 Qe6 17. Rd2 Ne4 18. Nxe4 Qxe4 19. Qc3 f6 20. b4 Bf8 21. Rfd1
Qe6 22. a3 Re7 23. Rd6 Qf7 24. Qd3 Qg6 25. Qb3 Qf7 26. Qd3 Qg6 27. Qe2 Rf7 28.
R6d2 a5 29. Bc3 axb4 30. axb4 Ra7 31. Ra2 d6 32. b5 cxb5 33. cxb5 Qe4 34. Bd4
Qb7 35. Ra6 Rxa6 36. bxa6 Qc6 37. Rb1 d5 38. Rxb6 Qc1+ 39. Kh2 Qc7+ 40. g3 Bc5
41. Rb7 Qa5 42. Rb5 Qxa6 43. Rb8+ 1-0

[Event "Euro Online U2300 Day 1"]
[Site "chess.com INT"]
[Date "2020.05.25"]
[Round "7"]
[White "Terbe, Julianna"]
[Black "Tadic, Stefan"]
[Result "1-0"]
[WhiteTitle "WIM"]
[BlackTitle "FM"]
[WhiteElo "2273"]
[BlackElo "2257"]
[WhiteFideId "708780"]
[BlackFideId "958980"]
[EventDate "2020.05.25"]

1. e4 c5 2. Nf3 e6 3. c4 Nc6 4. Nc3 e5 5. g3 g6 6. Bg2 Bg7 7. O-O Nge7 8. d3 O-O
9. Be3 d6 10. Nd5 h6 11. Qd2 Kh7 12. Ne1 f5 13. f4 Nd4 14. Nf3 Nec6 15. fxe5
dxe5 16. exf5 gxf5 17. Rae1 Be6 18. Nh4 Qd7 19. a3 Ne7 20. Nxe7 Qxe7 21. Bxd4
cxd4 22. Nxf5 Bxf5 23. Rxf5 Rxf5 24. Be4 Rf8 25. Rf1 Kh8 26. Bxf5 Qf7 27. Qe2
Bf6 28. Qe4 Qe7 29. Kg2 Bg5 30. h4 Be3 31. Rh1 Qf6 32. g4 Rg8 33. Kf3 Rf8 34.
Qxb7 Rf7 35. Qa8+ Kg7 36. Qe4 a5 37. b4 axb4 38. axb4 Ra7 39. g5 Qe7 40. gxh6+
Kh8 41. Qg4 Qxb4 42. h7 Rg7 43. Qe4 Qa5 44. Qc6 Qd8 45. Ra1 Rf7 46. Ra8 Rxf5+
47. Ke4 Rf4+ 48. Kxe5 Qxa8 49. Qxa8+ Kxh7 50. Qd8 Rg4 51. c5 Rg8 52. Qd7+ Rg7
53. Qf5+ Kh8 54. c6 Bg1 55. Qf6 Kh7 56. Kd5 Bh2 57. Kxd4 Bc7 58. Kc4 Rg4+ 59. d4
Rg6 60. Qf5 Kh6 61. d5 Bd6 62. h5 1-0

[Event "Euro Online U2300 Day 1"]
[Site "chess.com INT"]
[Date "2020.05.25"]
[Round "7"]
[White "Stamos, Filippos"]
[Black "Brondt, Nicolai Kvist"]
[Result "0-1"]
[BlackTitle "FM"]
[WhiteElo "2152"]
[BlackElo "2223"]
[WhiteFideId "4242807"]
[BlackFideId "1413848"]
[EventDate "2020.05.25"]

1. d4 d5 2. c4 c6 3. Nf3 Nf6 4. Qc2 g6 5. Nc3 Bg7 6. Bf4 Bf5 7. Qb3 Qb6 8. Qxb6
axb6 9. cxd5 Nxd5 10. Nxd5 cxd5 11. e3 O-O 12. Bb5 Rc8 13. Nh4 Rc2 14. Nxf5 gxf5
15. O-O Rxb2 16. a4 Na6 17. Rfc1 e6 18. h3 Bf6 19. Rc3 Nc5 20. Rac1 Ne4 21. R3c2
Rxc2 22. Rxc2 Bd8 23. f3 Nf6 24. g4 fxg4 25. hxg4 h5 26. g5 Nh7 27. Rh2 Rc8 28.
Rxh5 Rc2 29. Be8 Nf8 30. Rh2 Rc1+ 31. Kg2 Ng6 32. Kg3 Nxf4 33. Kxf4 Bc7+ 0-1

[Event "Euro Online U2300 Day 1"]
[Site "chess.com INT"]
[Date "2020.05.25"]
[Round "7"]
[White "Taspinar, Yanki"]
[Black "Ghimpu, Samuel-Timotei"]
[Result "1-0"]
[WhiteTitle "CM"]
[BlackTitle "FM"]
[WhiteElo "2178"]
[BlackElo "2302"]
[WhiteFideId "34561188"]
[BlackFideId "1238175"]
[EventDate "2020.05.25"]

1. e4 e6 2. d4 d5 3. Nd2 c5 4. exd5 Qxd5 5. Ngf3 cxd4 6. Bc4 Qd7 7. O-O Nc6 8.
Nb3 a6 9. Nbxd4 Nxd4 10. Nxd4 Qc7 11. b3 Bd6 12. h3 b5 13. Bd3 Ne7 14. Bb2 Bb7
15. a4 b4 16. Qg4 Ng6 17. Rae1 O-O-O 18. Be4 Nf4 19. Qf3 Bxe4 20. Rxe4 Nd5 21.
Nxe6 fxe6 22. Rc4 Bc5 23. Bd4 Bxd4 24. Rxc7+ Kxc7 25. Qe2 Kb7 26. Qxe6 Rhe8 27.
Qf5 h6 28. Rd1 Nf6 29. Rd3 Ka7 30. Rxd4 Rxd4 31. Qc5+ Kb7 32. Qxd4 Re4 33. Qd3
Kb6 34. Qd6+ Kb7 35. Qc5 1-0

[Event "Euro Online U2300 Day 1"]
[Site "chess.com INT"]
[Date "2020.05.25"]
[Round "7"]
[White "Ivanisvili, Andrejs"]
[Black "Dornbusch, Tatiana"]
[Result "0-1"]
[BlackTitle "WGM"]
[WhiteElo "2233"]
[BlackElo "2268"]
[WhiteFideId "11601485"]
[BlackFideId "14107449"]
[EventDate "2020.05.25"]

1. d4 Nf6 2. Nf3 c5 3. e3 g6 4. Be2 Bg7 5. O-O O-O 6. b3 cxd4 7. exd4 d5 8. Bb2
Nc6 9. c4 Bf5 10. Nc3 Rc8 11. Rc1 Bg4 12. a3 dxc4 13. bxc4 Bxf3 14. Bxf3 Qxd4
15. Qe2 Qe5 16. Ne4 Qf5 17. Nxf6+ Bxf6 18. Bg4 Qf4 19. Bxf6 Qxf6 20. Bxc8 Rxc8
21. Qe4 Qd4 22. Qxd4 Nxd4 23. Rfe1 Kf8 24. f4 Ne6 25. g3 b6 26. Kf2 Rc5 27. Rc3
h5 28. Re5 Rc7 29. f5 Nd4 30. fxg6 fxg6 31. Ke3 Nf5+ 32. Kf4 Kf7 33. h3 Kf6 34.
Rd5 g5+ 35. Kf3 Nd6 36. c5 Nb5 37. Rc1 e6 38. cxb6 axb6 39. Rxc7 exd5 40. a4
Nxc7 41. Ke3 Ke5 42. Kd3 Ne6 43. Kc3 d4+ 44. Kb4 d3 0-1

[Event "Euro Online U2300 Day 1"]
[Site "chess.com INT"]
[Date "2020.05.25"]
[Round "7"]
[White "Ozenir, Ekin Baris"]
[Black "Trickov, Vasil"]
[Result "0-1"]
[WhiteTitle "IM"]
[BlackTitle "IM"]
[WhiteElo "2309"]
[BlackElo "2319"]
[WhiteFideId "6357415"]
[BlackFideId "311103"]
[EventDate "2020.05.25"]

1. d4 d5 2. c4 c6 3. Nf3 Nf6 4. Qc2 dxc4 5. Qxc4 Bf5 6. g3 e6 7. Bg2 Nbd7 8. O-O
Be7 9. e3 O-O 10. Nc3 b5 11. Qe2 b4 12. Na4 Qa5 13. b3 Qb5 14. Re1 Rac8 15. Bb2
Bd3 16. Qd1 Rfd8 17. Rc1 Qa6 18. Nd2 c5 19. Nc4 Bxc4 20. Rxc4 Nb6 21. Nxb6 axb6
22. Qb1 b5 23. Rc2 c4 24. bxc4 bxc4 25. Bf1 Rc7 26. e4 Qc8 27. Qd1 c3 28. Bc1
Bc5 29. d5 exd5 30. exd5 Rxd5 31. Qe2 Re7 32. Be3 Rd8 33. Qb5 Nd5 34. Rce2 Nxe3
35. fxe3 Rxe3 36. Kh1 Rxe2 37. Qxe2 Bf8 38. Qc4 c2 39. Qxc8 Rxc8 40. Rc1 b3 0-1

[Event "Euro Online U2300 Day 1"]
[Site "chess.com INT"]
[Date "2020.05.25"]
[Round "7"]
[White "Eynullayev, Altay"]
[Black "Huda, Maryana"]
[Result "1/2-1/2"]
[WhiteTitle "FM"]
[BlackTitle "WGM"]
[WhiteElo "2227"]
[BlackElo "2128"]
[WhiteFideId "13413562"]
[BlackFideId "14116553"]
[EventDate "2020.05.25"]

1. e4 e5 2. Nf3 Nc6 3. Bb5 a6 4. Ba4 Nf6 5. O-O b5 6. Bb3 Bb7 7. Re1 Bc5 8. Nc3
O-O 9. d3 h6 10. a3 Nd4 11. Nxe5 Nxb3 12. cxb3 d5 13. d4 Bb6 14. exd5 Nxd5 15.
Ne4 Qh4 16. Nc5 Bxc5 17. dxc5 Rad8 18. c6 Bc8 19. Qf3 Be6 20. Bd2 Rfe8 21. Rad1
Nf6 22. Ba5 Bd5 23. Qg3 Qxg3 24. hxg3 Rc8 25. f4 Re6 26. f5 Re7 27. Rd3 Be4 28.
Nd7 Bxd3 29. Nxf6+ Kf8 30. Bb4 gxf6 31. Rxe7 Kg7 32. Ba5 Bxf5 33. Rxc7 Rxc7 34.
Bxc7 Be4 35. Kf2 Bxc6 36. g4 Bd7 37. Kg3 Kg6 38. Kf4 Bc6 39. g3 Bd7 40. b4 Be6
41. Bd6 1/2-1/2

[Event "Euro Online U2300 Day 1"]
[Site "chess.com INT"]
[Date "2020.05.25"]
[Round "7"]
[White "Gara, Anita"]
[Black "Trokhymyshyn, Sergii"]
[Result "0-1"]
[WhiteTitle "IM"]
[WhiteElo "2345"]
[BlackElo "2157"]
[WhiteFideId "709751"]
[BlackFideId "14135604"]
[EventDate "2020.05.25"]

1. e4 e5 2. Nf3 Nc6 3. Bb5 a6 4. Ba4 d6 5. O-O Bg4 6. h3 h5 7. Bxc6+ bxc6 8. d3
Qf6 9. Nbd2 Ne7 10. Re1 Bd7 11. Nf1 Ng6 12. Bg5 Qe6 13. d4 f6 14. Be3 Be7 15.
Ng3 Qf7 16. Nf5 Rb8 17. b3 O-O 18. dxe5 fxe5 19. Nxe7+ Nxe7 20. Nxe5 Qe6 21.
Nxd7 Qxd7 22. Qxh5 Rb5 23. Qe2 Qe6 24. Bd4 Qg6 25. Qc4+ Kh7 26. Re3 Rg5 27. g3
Qh6 28. Kg2 Ng6 29. Rh1 c5 30. Bc3 Nf4+ 31. Kf1 Nxh3 32. Be1 Rh5 33. e5 Qxe3 34.
Qd3+ Qxd3+ 35. cxd3 Nf4 36. Rxh5+ Nxh5 37. exd6 cxd6 38. Bc3 Nxg3+ 39. Kg2 Nf5
40. Bb2 Nd4 41. Kg3 Kg6 42. Kg2 Kf5 43. Bc3 g5 44. Ba5 Rf7 45. Bc3 g4 46. b4 Nf3
47. bxc5 dxc5 48. Kg3 Rd7 49. Ba5 Rxd3 50. Kg2 c4 0-1

[Event "Euro Online U2300 Day 1"]
[Site "chess.com INT"]
[Date "2020.05.25"]
[Round "7"]
[White "Reizniece-Ozola, Dana"]
[Black "Exler, Veronika"]
[Result "1-0"]
[WhiteTitle "WGM"]
[BlackTitle "WIM"]
[WhiteElo "2311"]
[BlackElo "2155"]
[WhiteFideId "11601124"]
[BlackFideId "1620550"]
[EventDate "2020.05.25"]

1. c4 e6 2. Nf3 d5 3. b3 Nf6 4. g3 c5 5. Bg2 Nc6 6. O-O Be7 7. e3 O-O 8. d3 b6
9. Qe2 Bb7 10. Bb2 Qc7 11. Nc3 Rad8 12. cxd5 Nxd5 13. Nxd5 exd5 14. d4 Nb4 15.
Rfc1 Ba6 16. Qd2 c4 17. Bf1 b5 18. a4 Rc8 19. axb5 Bxb5 20. bxc4 dxc4 21. Ne5
Rfd8 22. Nxc4 Qb8 23. Ba3 Nd5 24. Rab1 a6 25. Bxe7 Nxe7 26. Na3 Rxc1 27. Qxc1
Rc8 28. Qd2 Nd5 29. Nxb5 axb5 30. Rxb5 Qd6 31. Bg2 Nc3 32. Rb3 Na4 33. h4 h6 34.
Qb4 Qd7 35. Ra3 Rc1+ 36. Kh2 Qf5 37. Qxa4 Qxf2 38. Qa8+ Kh7 39. Qf3 Qg1+ 40. Kh3
Rc2 41. Ra7 Rf2 42. Qe4+ f5 43. Qb7 1-0

[Event "Euro Online U2300 Day 1"]
[Site "chess.com INT"]
[Date "2020.05.25"]
[Round "7"]
[White "Vakhania, Aleksandra"]
[Black "Nareks, Matic"]
[Result "0-1"]
[WhiteTitle "WIM"]
[WhiteElo "2138"]
[BlackElo "2015"]
[WhiteFideId "13602560"]
[BlackFideId "14629526"]
[EventDate "2020.05.25"]

1. d4 d6 2. Nf3 g6 3. Bf4 Bg7 4. Nc3 f5 5. Qd2 c6 6. O-O-O b5 7. e4 b4 8. Na4
fxe4 9. Ng5 Nf6 10. Qxb4 h6 11. Nh3 Be6 12. Bc4 d5 13. Be2 O-O 14. Nc5 Bc8 15.
f3 exf3 16. Bxf3 a5 17. Qd2 g5 18. Bxg5 Bxh3 19. Bxh6 Bxh6 20. Qxh6 Bc8 21. g4
Nh7 22. Be2 Qd6 23. Qh4 Kg7 24. Bd3 Qh6+ 25. Qxh6+ Kxh6 26. h4 Bxg4 27. Rde1 Ra7
28. Rhg1 Nf6 29. Ne6 Rg8 30. Ng5 Rg7 31. Rg3 Nbd7 32. Reg1 Bh5 33. Ne6 Rxg3 34.
Rxg3 Ng4 35. Nf4 Ndf6 36. Rg1 Ra8 37. Re1 Re8 38. Re6 Nf2 39. Bf5 Bg4 40. Bxg4
Nxg4 41. Rxc6 Kg7 42. Ra6 Rh8 43. h5 Kf7 44. Rxa5 Ne3 45. Ra3 Nc4 46. Rf3 Ke8
47. b3 Nd6 48. Rh3 Rh6 49. a4 Kd7 50. Rg3 Nf5 51. Rg5 e6 52. c3 Ne4 53. Rg8 Nxc3
54. Kd2 Ne4+ 55. Kd3 Nf6 56. Rg6 Rxg6 57. hxg6 Ng7 58. b4 Kc6 59. Ne2 Ne4 60.
Nc3 Nxc3 61. Kxc3 Kb6 62. b5 Ka5 63. Kd3 Nf5 64. Kd2 Kb6 65. Ke1 Ka5 66. Kf2 Kb6
67. Kg2 Nh4+ 68. Kg3 Nxg6 69. Kg4 Ne7 70. Kg5 Nf5 71. Kf6 Nxd4 72. Ke5 Kc5 73.
b6 Kxb6 74. Kxd4 Ka5 75. Ke5 Kxa4 76. Kxe6 d4 0-1

[Event "Euro Online U2300 Day 1"]
[Site "chess.com INT"]
[Date "2020.05.25"]
[Round "7"]
[White "Nandrean, Dan"]
[Black "Villa Izquierdo, Roberto"]
[Result "0-1"]
[WhiteElo "2173"]
[BlackElo "1962"]
[WhiteFideId "1212354"]
[BlackFideId "2218216"]
[EventDate "2020.05.25"]

1. e4 d5 2. b3 dxe4 3. Bb2 Nf6 4. f3 Bf5 5. Na3 e6 6. Nc4 Bc5 7. Ne2 exf3 8.
gxf3 Nh5 9. h4 Nc6 10. d3 b5 11. Ne5 Nxe5 12. Bxe5 f6 13. Bb2 e5 14. Qd2 a5 15.
O-O-O a4 16. Kb1 axb3 17. axb3 Qd6 18. d4 Bb4 19. Qe3 Kf7 20. Nc1 Rhe8 21. dxe5
Qc6 22. Bd3 Bc5 23. Qd2 Ng3 24. Rhe1 Rad8 25. Qf4 Bxd3 26. Nxd3 Nh5 27. Qg4 g6
28. e6+ Kg8 29. Rg1 Bxg1 30. Rxg1 Ng7 31. Bxf6 Rd6 32. Ne5 Qd5 33. Nxg6 Qxe6 34.
Nf4 Qxf6 35. Nh5 Qg6 36. Nxg7 Kxg7 0-1

[Event "Euro Online U2300 Day 1"]
[Site "chess.com INT"]
[Date "2020.05.25"]
[Round "7"]
[White "Protopopova, Anastasiya"]
[Black "Fedorov, Evgueny"]
[Result "1-0"]
[WhiteTitle "WFM"]
[BlackTitle "FM"]
[WhiteElo "2192"]
[BlackElo "2236"]
[WhiteFideId "24172073"]
[BlackFideId "4188004"]
[EventDate "2020.05.25"]

1. d4 Nf6 2. c4 e6 3. g3 c5 4. d5 exd5 5. cxd5 b5 6. e4 Nxe4 7. Bg2 Nd6 8. Nf3
Be7 9. O-O O-O 10. Re1 Bb7 11. Bf4 Na6 12. Nc3 b4 13. Bxd6 Bxd6 14. Ne4 Qb6 15.
Nfg5 h6 16. Qh5 Bc7 17. d6 Bd8 18. Nh3 f5 19. Nd2 Bxg2 20. Kxg2 Qxd6 21. Rad1
Bf6 22. Qf3 Qc7 23. Nc4 Bd4 24. Nf4 Rae8 25. Ng6 Rxe1 26. Rxe1 Rd8 27. Ne7+ Kh8
28. Ng6+ Kg8 29. Qxf5 d5 30. Re7 Qc6 31. Qf7+ Kh7 32. Nce5 Bxe5 33. Nxe5 Rg8 34.
Nxc6 d4 35. Qf5+ Kh8 36. Ne5 1-0

[Event "Euro Online U2300 Day 1"]
[Site "chess.com INT"]
[Date "2020.05.25"]
[Round "7"]
[White "Akhmedov, David"]
[Black "Khalikov, Bulat"]
[Result "1-0"]
[WhiteElo "1808"]
[BlackElo "2109"]
[WhiteFideId "34220194"]
[BlackFideId "34147869"]
[EventDate "2020.05.25"]

1. e4 e5 2. Nf3 Nc6 3. Nc3 Nf6 4. d4 exd4 5. Nxd4 Bb4 6. Nxc6 bxc6 7. Bd3 d5 8.
exd5 cxd5 9. O-O O-O 10. Bg5 Be6 11. Qf3 c6 12. Ne2 Bg4 13. Qxg4 Nxg4 14. Bxd8
Raxd8 15. Nd4 Ne5 16. Be2 c5 17. Nf3 Rfe8 18. Nxe5 Rxe5 19. Bb5 Rb8 20. a4 Rb6
21. c3 Ba5 22. Rab1 Rbe6 23. Rbd1 Rd6 24. Rfe1 f6 25. Rxe5 fxe5 26. Bc4 Kf7 27.
Bxd5+ Kf6 28. Kf1 e4 29. Ke2 Ke5 30. Bg8 Rxd1 31. Kxd1 h6 32. Ke2 g5 33. Bh7 Bc7
34. h3 Kd5 35. g3 h5 36. Ke3 h4 37. Bxe4+ Kc4 38. gxh4 gxh4 39. Bc2 Kd5 40. f4
c4 41. Kf3 Bb6 42. Kg4 Be3 43. f5 Ke5 44. Kxh4 Bc1 45. Kh5 Bxb2 46. Kg6 Bxc3 47.
f6 Ke6 48. Bf5+ Ke5 49. Bg4 Bb4 50. Kg7 Kf4 51. f7 c3 52. Bd1 Ke3 53. f8=Q Bxf8+
54. Kxf8 Kd2 55. Bb3 Kc1 56. h4 Kb2 57. Bd1 Kc1 58. Bg4 Kb2 59. Bf5 Ka3 60. h5
Kxa4 61. h6 1-0

[Event "Euro Online U2300 Day 1"]
[Site "chess.com INT"]
[Date "2020.05.25"]
[Round "7"]
[White "Papakonstantinou, Dimitrios1"]
[Black "Khachatryan, Veronika"]
[Result "1-0"]
[WhiteElo "2250"]
[BlackElo "1869"]
[WhiteFideId "4218655"]
[BlackFideId "13310852"]
[EventDate "2020.05.25"]

1. e4 c5 2. Nf3 Nc6 3. d4 cxd4 4. Nxd4 g6 5. c4 d6 6. Nc3 Nf6 7. Be2 Nxd4 8.
Qxd4 Bg7 9. Be3 O-O 10. Qd1 a5 11. O-O a4 12. Rb1 Be6 13. Qd2 Qa5 14. Rfc1 Rfc8
15. f3 Bxc4 16. Bxc4 Rxc4 17. Nd5 Qxd2 18. Nxf6+ Bxf6 19. Bxd2 Rac8 20. Rd1 Rc2
21. b3 a3 22. Rbc1 Bb2 23. Rxc2 Rxc2 24. Bb4 Kg7 25. Rd2 Rc1+ 26. Kf2 Ra1 27.
Ke2 Kf6 28. Kd3 b5 29. Bc3+ Bxc3 30. Kxc3 Rc1+ 31. Kb4 Rc5 32. Kxa3 Ke5 33. Kb4
Kf4 34. a4 bxa4 35. bxa4 f5 36. exf5 gxf5 37. a5 Ke3 38. Ra2 Rc8 39. a6 d5 40.
a7 Ra8 41. Ra3+ Kf2 42. f4 Kxg2 43. h4 h5 44. Kc5 Rxa7 45. Rxa7 Kf3 46. Kxd5
Kxf4 47. Ra4+ Kg3 48. Ke5 e6 49. Rb4 Kf3 50. Kxe6 f4 51. Kf5 Kg3 52. Rxf4 1-0